History Quiz

Random History or Nation Quiz
Score 0/20 Timer 04:00
0 Plays Today
Question Answer Wrong Answers
Nelson Mandela South Africa
99.2%
Egypt
0.2%
Argentina
0.3%
Iran
0.2%
Elizabeth I England
98.8%
Russia
0.4%
Germany
0.2%
Italy
0.1%
George Washington United States
98.2%
United Kingdom
1%
Canada
0.1%
Ireland
0.1%
Napoleon Bonaparte France
97.9%
Germany
0.3%
Waterloo
0.5%
Russia
0.3%
Fidel Castro Cuba
97.6%
Brazil
0.4%
Mexico
0.7%
Haiti
0.2%
Peter the Great Russia
94.2%
France
1.3%
Australia
2.4%
Mexico
0.4%
Kim Il-sung North Korea
88.7%
South Korea
8.2%
China
1%
Japan
0.5%
Francisco Franco Spain
88.6%
Mexico
3.8%
Peru
3%
Costa Rica
2.5%
Muammar Gaddafi Libya
87.5%
Egypt
5.4%
Algeria
1.3%
Iraq
3.8%
Corazon Aquino Philippines
76.5%
Thailand
2.4%
Singapore
2.2%
Portugal
17.1%
Otto von Bismarck Germany
75.9%
Ukraine
0.6%
Netherlands
2.4%
Austria-Hungary
18.8%
Idi Amin Uganda
74%
Rwanda
7.3%
Ethiopia
8.4%
Egypt
8.9%
Sir John A. Macdonald Canada
70.2%
United Kingdom
23.2%
Denmark
3.5%
Spain
0.3%
Chiang Kai-shek China
69.5%
Japan
3.1%
India
0.6%
Vietnam
24.2%
Syngman Rhee South Korea
69%
Russia
1.3%
Canada
2.2%
Philippines
24%
John Howard Australia
67%
United Kingdom
8.3%
Canada
20.9%
Fiji
1.2%
Abdulaziz Saudi Arabia
65.2%
India
3.6%
Egypt
26.9%
Greece
1.3%
Askar Akayev Kyrgyzstan
57.7%
Mongolia
5.7%
Turkey
23.2%
Afghanistan
10.1%
Ashoka India
57.3%
South Africa
10.1%
Egypt
21.6%
Saudi Arabia
7.4%
Oda Nobunaga Japan
48%
China
1%
Singapore
21.5%
Thailand
26.1%
Remove Ads.
Support Sporcle.
Get the best of Sporcle when you Go Orange. This ad-free experience offers more features, more stats, and more fun while also helping to support Sporcle. Thank you for becoming a member.

You're not logged in!

Compare scores with friends on all Sporcle quizzes.
OR
Log In

Show Comments

Extras

Top Quizzes Today


Score Distribution

Your Account Isn't Verified!

In order to create a playlist on Sporcle, you need to verify the email address you used during registration. Go to your Sporcle Settings to finish the process.

Report this User

Report this user for behavior that violates our Community Guidelines.

Details: